00323nam a2200121Ia 4500008004100000041000800041082001500049100002000064245004000084260004400124300002400168365000900192240624s9999 xx 000 0 und d aeng a332.63 FAB aFABOZZI FRANK J aCOLLATERALIZED MORTGAGE OBLIGATIONS c1999aPennsylvaniabJohn Wiley and Sons a242 : p. : cm. ; 24 cb30